01084nam a2200229 a 450000100100000000500170001000800410002702000150006804000250008308200160010810000260012424001220015024502260027226000290049830000280052749000160055553401640057150000430073550000210077870000390079983000160083800001883620200929165850.0100519s1998 sp a 000 0 spa d a843060278X aDO-SdBNPbspacBNPHU annnnbH758e1 aHolton, Gerald James,10aEinstein, historia and other passions. the rebellion against science at the end of the twentieth century.lEspañol.10aEinstein, historia y otras pasiones :bla rebelión contra la ciencia en el final del siglo XX / Gerald Holton ; traducción de José Javier García Sanz /cGerald Holton ; traducción de José Javier García Sanz. aMadrid :bTaurus,c1998. a312 p. :bil. ;c22 cm.1 aPensamiento pTítulo original en inglés:tEinstein, historia and other passions. the rebellion against science at the end of the twentieth century.cNew York : AIP, 1995 aIncluye notas al pie de las páginas. aIncluye índice1 aGarcía Sanz, José Javier,etr. 0aPensamiento